The competitive destination : (Record no. 15340)
[ view plain ]
| 000 -LEADER | |
|---|---|
| fixed length control field | 00448nam a22001577a 4500 |
| 003 - CONTROL NUMBER IDENTIFIER | |
| control field | OSt |
| 005 - DATE AND TIME OF LATEST TRANSACTION | |
| control field | 20211027161449.0 |
| 008 - FIXED-LENGTH DATA ELEMENTS--GENERAL INFORMATION | |
| fixed length control field | 211027b |||||||| |||| 00| 0 eng d |
| 020 ## - INTERNATIONAL STANDARD BOOK NUMBER | |
| International Standard Book Number | 184593010X |
| 040 ## - CATALOGING SOURCE | |
| Transcribing agency | HU |
| 082 ## - DEWEY DECIMAL CLASSIFICATION NUMBER | |
| Classification number | 338.4791 |
| 100 ## - MAIN ENTRY--PERSONAL NAME | |
| Personal name | Ritchie, J. R. |
| Dates associated with a name | Brent; Crouch, Geoffrey I. 1954- |
| 9 (RLIN) | 15874 |
| 245 ## - TITLE STATEMENT | |
| Title | The competitive destination : |
| Remainder of title | a sustainable tourism perspective |
| 300 ## - PHYSICAL DESCRIPTION | |
| Extent | XVII272P+7P |
| Other physical details | PC |
| Dimensions | 24cm |
| 942 ## - ADDED ENTRY ELEMENTS (KOHA) | |
| Source of classification or shelving scheme | Dewey Decimal Classification |
| Koha item type | Books like text book referance book |
| Suppress in OPAC | No |
| Withdrawn status | Lost status | Source of classification or shelving scheme | Damaged status | Not for loan | Collection code | Home library | Current library | Shelving location | Date acquired | Total Checkouts | Full call number | Barcode | Date last seen | Copy number | Price effective from | Koha item type |
|---|---|---|---|---|---|---|---|---|---|---|---|---|---|---|---|---|
| Dewey Decimal Classification | Reference | Wondo Genet Library | Wondo Genet Library | General Stacks | 10/27/2021 | 338.4791 RIT 2003 | WGCFNRL00004759 | 10/27/2021 | 1 | 10/27/2021 | Books like text book referance book | |||||
| Dewey Decimal Classification | Reference | Wondo Genet Library | Wondo Genet Library | General Stacks | 10/27/2021 | 338.4791 RIT 2003 | WGCFNRL00004760 | 10/27/2021 | 2 | 10/27/2021 | Books like text book referance book |